000 00907nam a2200253 a 4500
001 22648
003 CO-ViMGA
008 141112s2004 ck r 000 u spa d
020 _a9582003642
040 _aCO-ViMGA
_bspa
_cCO-ViMGA
082 0 4 _a371.3 B375j
100 1 _aBernal Arroyave, Guillermo
_932257
245 1 0 _aJugemos con la poesía
250 _a2
260 _aBogotá :
_bCooperativa Editorial Magisterio,
_c2005
300 _a148
490 _aAula alegre magisterio
505 _aLa magia de las palabras 11 - 20 - - Poemas para jugar 21 - 43 - - Al son que toquen 47 - 69 - - Asociaciones y comparaciones 71 - 84
590 _aForma de adquisición : Compra - - Precio : 31000 - - Proveedor : Dismet - - Fecha de adquisición : 2008
650 1 4 _aCREACION LITERARIA
_922900
650 1 4 _aJUEGOS EDUCATIVOS
_918447
650 1 4 _aPOESIA - ENSEÑANZA ELEMENTAL
_932258
942 _2ddc
_cBK
999 _c3081
_d3081